00371nam a2200133Ia 4500008004100000020002900041041000800070082001600078100002300094245004600117260004300163300001700206650001400223180314s9999 xx 000 0 und d a0870552457. | 0870552538 aeng a637.028 ATH aAtherton, Henry V. 0aChemistry and testing of dairy products / aAvi Pub. Co.,bWestport, Conn. :c1977 aix, 396 p. : achemistry